| 000 | 00000nam##2200000za#4500 |
| 001 | 9.575665 |
| 003 | CaOODSP |
| 005 | 20210624184755 |
| 007 | cr ||||||||||| |
| 008 | 150406|2008||||xxc|||||o f|0| 0 eng|d |
| 040 | |aCaOODSP|beng |
| 043 | |an-cn--- |
| 086 | 1 |aTU3-5/08-48E-PDF |
| 110 | 2 |aTransportation Safety Board of Canada. |
| 245 | 10|aMid-air collision - Provincial Airlines Limited de Havilland DHC-6-300 Twin Otter C-FWLG and Air Labrador de Havilland DHC-6-300 Twin Otter C-FGON Natuashish, Newfoundland and Labrador, 04 November 2008 |h[electronic resource] |
| 260 | |aGatineau - Quebec : |bTransportation Safety Board of Canada |c[2008]. |
| 300 | |a16p.|bcoloured illus., figs., references |
| 490 | 1 |aAviation investigation report |vA08A0147 |
| 590 | |a13-03-Supp|b2013-02-11 |
| 775 | 08|tCollision en vol entre le de Havilland DHC-6-300 Twin Otter C-FWLG exploité par Provincial Airlines limited et le de Havilland DHC-6-300 Twin Otter C-FGON exploité par Air Labrador à Natuashish (Terre-Neuve-et-Labrador), le 4 novembre 2008 |w(CaOODSP)9.605156 |
| 830 | #0|aAviation investigation report ;|vA08A0147|w(CaOODSP)9.504825 |
| 856 | 40|ahttp://publications.gc.ca|qPDF|s990 KB|uhttps://publications.gc.ca/collections/collection_2013/bst-tsb/TU3-5-08-48-eng.pdf|yA08A0147 |